ইঙ্গ-বর্মী সম্পর্ক (১৬৪৭-১৮৮৫) / (Record no. 18412)
[ view plain ]
| 000 -LEADER | |
|---|---|
| fixed length control field | 00936nam a22002177a 4500 |
| 003 - CONTROL NUMBER IDENTIFIER | |
| control field | BDDh-ASL |
| 005 - DATE AND TIME OF LATEST TRANSACTION | |
| control field | 20231015025715.0 |
| 008 - FIXED-LENGTH DATA ELEMENTS--GENERAL INFORMATION | |
| fixed length control field | 200929b1998 ||||| b||| 00| 0 d |
| 020 ## - INTERNATIONAL STANDARD BOOK NUMBER | |
| International Standard Book Number | 9840737902 |
| 040 ## - CATALOGING SOURCE | |
| Original cataloging agency | BDDh-ASL |
| Transcribing agency | BDDh-ASL |
| Modifying agency | BDDh-ASL |
| 041 ## - LANGUAGE CODE | |
| Language code of text/sound track or separate title | Bengali |
| 082 ## - DEWEY DECIMAL CLASSIFICATION NUMBER | |
| Classification number | 327.41059 |
| Item number | ISI |
| 100 ## - MAIN ENTRY--PERSONAL NAME | |
| 9 (RLIN) | 861 |
| Personal name | ইসলাম, সিরাজুল |
| 245 1# - TITLE STATEMENT | |
| Title | ইঙ্গ-বর্মী সম্পর্ক (১৬৪৭-১৮৮৫) / |
| Statement of responsibility, etc. | সিরাজুল ইসলাম। |
| 246 ## - VARYING FORM OF TITLE | |
| Title proper/short title | Ingo-Bormi Samparkya. |
| 260 ## - PUBLICATION, DISTRIBUTION, ETC. | |
| Place of publication, distribution, etc. | ঢাকা: |
| Name of publisher, distributor, etc. | বাংলা একাডেমী, |
| Date of publication, distribution, etc. | ১৯৯৮। |
| 300 ## - PHYSICAL DESCRIPTION | |
| Extent | ১৯০ পৃষ্ঠা: |
| Dimensions | ২২ সে. মি.। |
| 504 ## - BIBLIOGRAPHY, ETC. NOTE | |
| Bibliography, etc. note | গ্রন্থপঞ্জি সংযুক্ত। |
| 651 #0 - SUBJECT ADDED ENTRY--GEOGRAPHIC NAME | |
| 9 (RLIN) | 1246 |
| Geographic name | বাংলাদেশ বার্মা সম্পর্ক |
| General subdivision | আন্তর্জাতিক সম্পর্ক |
| 942 ## - ADDED ENTRY ELEMENTS (KOHA) | |
| Source of classification or shelving scheme | Dewey Decimal Classification |
| Koha item type | Books |
| Withdrawn status | Lost status | Source of classification or shelving scheme | Damaged status | Not for loan | Collection code | Home library | Current library | Shelving location | Date acquired | Source of acquisition | Total Checkouts | Full call number | Barcode | Date last seen | Copy number | Price effective from | Koha item type |
|---|---|---|---|---|---|---|---|---|---|---|---|---|---|---|---|---|---|
| Dewey Decimal Classification | Non-fiction | Asiatic Society Library | Asiatic Society Library | General Stacks | 09/29/2020 | ASB Collection | 327.41059 ISI | 101598 | 09/29/2020 | C-1 | 09/29/2020 | Books | |||||
| Dewey Decimal Classification | Non-fiction | Asiatic Society Library | Asiatic Society Library | Sirajul Islam Collection | 04/27/2022 | Donated by Prof. Sirajul Islam FRHS | 327.41059 ISI | 116642 | 04/27/2022 | C-2 | 04/27/2022 | Books |